000 01419nam a2200373 a 4500
001 000109600
003 CHAP
005 20220329144056.0
008 140513s2014 mx sm |||||||spa d
010 _a106062
011 _a107034
040 _cCHAP
090 _aTesis
100 1 _aVázquez Pozos, Victor
_9127057
245 1 0 _aEvaluación de la actividad insecticida de semillas de annona diversifolia Saff. en larvas de aedes aegypti L.(diptera : culicidae)
_h[En línea]
_cpor Victor Vázquez Pozos.
260 _aChapingo, Méx. :
_bEl autor,
_c2014.
500 _aPara ver el contenido del material haga clic en la liga
502 _aTesis (Ing. Agr. Esp. en Fitotecnia) -- UACH. Departamento de Fitotecnia
590 _aBATCH-UPD
_b10
_c20141002
_lUCH01
_h0903
590 _aE11695DGD
_b10
_c20140526
_lUCH01
_h1113
590 _aE11695DGD
_b10
_c20141006
_lUCH01
_h1323
590 _aE11695DGD
_b10
_c20141013
_lUCH01
_h1155
590 _aE11695DGD
_b10
_c20141013
_lUCH01
_h1156
590 _aE5765TAJ
_b05
_c20140513
_lUCH01
_h1214
590 _aE5765TAJ
_b05
_c20140514
_lUCH01
_h1446
590 _aE5765TAJ
_b05
_c20140515
_lUCH01
_h0851
650 1 _aAedes aegypti
_91008
650 1 _aAnnona diversifolia
_95943
650 1 _aExtractos de semillas como insecticida.
_9126862
856 _aFinding aid
_uhttp://10.13.5.2/tesis/sist109600.pdf
_zTeclea aquí
901 _aBK
942 _cTESIS
942 _n0
999 _c106062
_d106062